000 00722nmc a2200277 a 4500
003 AR-BaBNM
005 20251128211257.0
008 033120s1921 ||||||||||||||000 | spa||
040 _cAR-BaBNM
100 1 _aCamôes, Luís de
_d[ca. 1524-1580]
245 1 0 _aLos Lusíadas
260 _aMadrid
_bLibrería de Perlado, Páez y Ca.
_c1921
300 0 _a459 p.
490 0 _aBiblioteca clásica
_vv. 100
650 4 _aLITERATURA CLASICA
650 4 _aLITERATURA PORTUGUESA
650 4 _aRENACIMIENTO
650 4 _aCANTARES DE GESTA
650 4 _aTRADICION ORAL
653 0 _aEPICA
655 _aLITERATURA
700 _aGil, Lamberto
_etraductor
700 0 _eprologuista
942 _cBK
998 _cmartin
999 _c18969
_d18969